| 000 | 00916cam a2200229 4500 | ||
|---|---|---|---|
| 001 | WB3612-06 | ||
| 008 | 000000n2000 000 0 eng u | ||
| 035 | _a(Sirsi) u104952 | ||
| 245 | _aTax wish-list for investors | ||
| 260 | _c2000 | ||
| 490 |
_aFinancial Times _v 17 March 2000, 32(1) |
||
| 520 | _aDiscusses the findings of two research papers commissioned by the RICS, IPF and others, on the subject of tax efficiency in real estate investment. Both conclude that the UK would run more smoothly if government would create tax-efficient vehicles for property investment. | ||
| 590 | _aWB | ||
| 650 | _aTAX EFFICIENCY | ||
| 650 | _aRICS | ||
| 650 | _aSECURITISATION | ||
| 650 | _aPROPERTY INVESTMENT | ||
| 650 | _aRESEARCH | ||
| 650 | _aABOUT RICS-RELATED ORGANISATIONS-INVESTMENT PROPERTY FORUM | ||
| 690 | _aPROPERTY-COMMERCIAL PROPERTY-COMMERCIAL PROPERTY FINANCE AND INVESTMENT | ||
| 942 | _n0 | ||
| 999 |
_c62960 _d62960 |
||